Statistics for Non-Sovereign FIFA Member Nations by Flags

Click here to take the quiz!

General Stats

  • This quiz has been taken 121 times
  • The average score is 20 of 24

Answer Stats

Answer% Correct
Scotland
97%
England
96%
Wales
94%
Guam
92%
Faroe Islands
91%
Puerto Rico
91%
Northern Ireland
90%
Hong Kong
89%
Palestine
89%
American Samoa
88%
Gibraltar
87%
U.S. Virgin Islands
87%
Aruba
83%
Macau
82%
Cook Islands
81%
Bermuda
80%
Curaçao
78%
Anguilla
73%
British Virgin Islands
73%
Montserrat
72%
New Caledonia
72%
Cayman Islands
63%
Turks and Caicos Islands
62%
Tahiti
56%

Score Distribution

Percentile by Number Answered

Percent of People with Each Score

Your Score History

You have not taken this quiz